Music Quiz

Random Music or Clickable Quiz

Cars In Song Lyrics Quiz Stats

 Plays Quiz Updated Jun 30, 2014

Support Sporcle.
Go Orange.
Score 0/25 Timer 06:00
1 Play Today
% Correct
taxi cab
70.2%
T-Bird
67.5%
Mercedes Benz
61.2%
Ford
57%
hearse
50.5%
Maserati
49.6%
'60 Chevy
46.3%
Chevy
46.2%
Porsche
44%
Ferrari
42.3%
gypsy cab
40.5%
Chrysler
40%
convertible
38.4%
% Correct
XKE
37.5%
Model A
34%
Trans Am
33.5%
limousine
33.5%
Woodie
31.2%
Jag
31%
Cadillac
29.7%
Mustang
29.3%
Buick
25.2%
Coupe de Ville
23.2%
sedan
21.8%
Subaru
21.2%

You're not logged in!

Compare scores with friends on all Sporcle quizzes.
OR
Log In

From the Vault

2000s England Forwards

by smac17

Hopefully we're not being too forward with this.
Remove Ads.
Support Sporcle.
Get the best of Sporcle when you Go Orange. This ad-free experience offers more features, more stats, and more fun while also helping to support Sporcle. Thank you for becoming a member.

Show Comments

Extras

Top Quizzes Today


Score Distribution

Your Account Isn't Verified!

In order to create a playlist on Sporcle, you need to verify the email address you used during registration. Go to your Sporcle Settings to finish the process.

Report this User

Report this user for behavior that violates our Community Guidelines.

Details: